|
|
|
|
| LEADER |
00000nam0a2200000 4500 |
| 001 |
244670 |
| 005 |
20231101232053.0 |
| 010 |
|
|
|a 9785769574061
|
| 035 |
|
|
|a (RuTPU)RU\TPU\book\266059
|
| 090 |
|
|
|a 244670
|
| 100 |
|
|
|a 20131025d2013 m y0rusy50 ca
|
| 101 |
0 |
|
|a rus
|
| 102 |
|
|
|a RU
|
| 105 |
|
|
|a a j 001zy
|
| 200 |
1 |
|
|a Проектирование информационных систем
|e учебник
|f В. В. Белов, В. И. Чистякова
|
| 210 |
|
|
|a Москва
|c Академия
|d 2013
|
| 215 |
|
|
|a 352 с.
|c ил.
|
| 225 |
1 |
|
|a Высшее профессиональное образование. Информатика и вычислительная техника
|
| 225 |
1 |
|
|a Бакалавриат
|
| 320 |
|
|
|a Библиогр.: с. 345-347.
|
| 330 |
|
|
|a Учебник создан в соответствии с Федеральным государственным образовательным стандартом по направлению подготовки «Прикладная информатика» (квалификация «бакалавр»). Рассмотрены методы и средства организации проектных работ, начиная с обследования предметной области и формулировки требований к создаваемой системе. Дано описание средств автоматизации проектирования, поддерживающих функционально-ориентированную, объектно-ориентированную и процессно-ориентированную методологии. Приведены примеры применения методологий IDEF, UML, BPMN. Изложены вопросы оценки затрат проекта и методы управления портфолио 1Т-проектов. Для студентов учреждений высшего профессионального образования.
|
| 452 |
|
1 |
|0 (RuTPU)RU\TPU\book\304391
|y 978-5-7695-7406-1
|t Проектирование информационных систем
|o учебник в электронном формате
|f В. В. Белов, В. И. Чистякова
|c Москва
|n Академия
|d 2013
|p 1 Мультимедиа CD-ROM
|s Информатика и вычислительная техника
|a Белов, Владимир Викторович
|
| 606 |
1 |
|
|a Информационные системы, вычислительные
|2 stltpush
|3 (RuTPU)RU\TPU\subj\70829
|9 84999
|
| 610 |
1 |
|
|a проектирование
|
| 610 |
1 |
|
|a создание
|
| 610 |
1 |
|
|a технические задания
|
| 610 |
1 |
|
|a формирование
|
| 610 |
1 |
|
|a бизнес-процессы
|
| 610 |
1 |
|
|a моделирование
|
| 610 |
1 |
|
|a каноническое проектирование
|
| 610 |
1 |
|
|a функционально-ориентированное проектирование
|
| 610 |
1 |
|
|a объектно-ориентированное программирование
|
| 610 |
1 |
|
|a подсистемы
|
| 610 |
1 |
|
|a программное обеспечение
|
| 610 |
1 |
|
|a индустриальное проектирование
|
| 610 |
1 |
|
|a затраты
|
| 610 |
1 |
|
|a IT-проекты
|
| 610 |
1 |
|
|a управление
|
| 610 |
1 |
|
|a учебники
|
| 675 |
|
|
|a 004(075.8)
|v 4
|
| 700 |
|
1 |
|a Белов
|b В. В.
|g Владимир Викторович
|
| 701 |
|
1 |
|a Чистякова
|b В. И.
|g Валентина Ивановна
|
| 702 |
|
1 |
|a Белов
|b В. В.
|g Владимир Виктрович
|4 340
|
| 801 |
|
1 |
|a RU
|b 63413507
|c 20131025
|
| 801 |
|
2 |
|a RU
|b 63413507
|c 20150630
|g RCR
|
| 900 |
|
|
|a Проектирование информационных систем
|
| 942 |
|
|
|c BK
|
| 951 |
|
|
|b 230700
|
| 959 |
|
|
|a 139/20131025
|d 5
|e 579,90
|f ЧЗТЛ:1
|f АНЛ:1
|f УФ:3
|